• 首页
  • 本馆介绍
  • 公告通知
  • 最新文献
  • 馆藏检索
  • 电子资源
  • 读者导购
  • 参考咨询
  • 我的图书馆
  • 登录
  • 详细信息显示
  • 放入我的书架
  • 预约/预借图书
  • 作者相关作品
  • 分类相关作品
  • 丛书相关作品
  • 出版社相关作品

书目信息

  • 表格格式
  • 工作单格式
  • 卡片格式
题名:
污水处理厂技术与工艺管理
    
 
作者: 伊学农 , 付彩霞 , 王晨 编著
分册:  
出版信息: 北京   化学工业出版社  2021.5
页数: 250页
开本: 26cm
丛书名:
单 册:
中图分类: X505
科图分类:
主题词: 污水处理厂--技术管理 , 污水处理厂--工艺管理
电子资源:
ISBN: 978-7-122-38400-3
000 01028nam0 2200277 45
001 012001001953
005 20211013152616.70
010    @a978-7-122-38400-3@dCNY85.00
100    @a20210708d2021 em y0chiy50 ea
101 0  @achi
102    @aCN@b110000
105    @aa z 000yy
106    @ar
200 1  @a污水处理厂技术与工艺管理@Awu shui chu li chang ji shu yu gong yi guan li@f伊学农,付彩霞,王晨编著
205    @a3版
210    @a北京@c化学工业出版社@d2021.5
215    @a250页@c图@d26cm
330    @a本书采用问答的形式,从污水处理厂技术与工艺管理角度出发,详细地介绍了污水水质指标与检测、物理处理、活性污泥处理法、生物膜法、厌氧生物处理、化学处理、污泥处理等内容,包括技术工艺的原理和特点、运行方式、工艺参数以及注意事项和存在问题等。
606 0  @a污水处理厂@x技术管理
606 0  @a污水处理厂@x工艺管理
690    @aX505@v5
701  0 @a伊学农@AYi Xue Nong@4编著
701  0 @a付彩霞@Afu cai xia@4编著
701  0 @a王晨@Awang chen@4编著
801  0 @aCN@bBJSDL@c20211011
905    @b1337863-6@dX505@e260=3@f4
    
    污水处理厂技术与工艺管理/伊学农,付彩霞,王晨编著.-3版.-北京:化学工业出版社,2021.5
    250页:图;26cm
    
    
    ISBN 978-7-122-38400-3:CNY85.00
    本书采用问答的形式,从污水处理厂技术与工艺管理角度出发,详细地介绍了污水水质指标与检测、物理处理、活性污泥处理法、生物膜法、厌氧生物处理、化学处理、污泥处理等内容,包括技术工艺的原理和特点、运行方式、工艺参数以及注意事项和存在问题等。
●
相关链接 在E读中查询图书 在五车中查询图书 在当当中查询图书 在豆瓣中查询图书


正题名:污水处理厂技术与工艺管理     索取号:X505/260=3         预约/预借

序号 登录号 条形码 馆藏地/架位号 状态 备注
1 1337863   213378637   第二样本阅览室/ [索取号:X505/260=3] 在馆    
2 1337864   213378646   第三借阅区/ [索取号:X505/260=3] 在馆    
3 1337865   213378655   第三借阅区/ [索取号:X505/260=3] 在馆    
4 1337866   213378664   第三借阅区/ [索取号:X505/260=3] 在馆    
唐山师范学院图书馆 欢迎您!
大连网信软件有限公司© 版权所有